Composition Juventus finale ligue des champions 1998 - Statistiques

Statistiques générales
  • Ce quiz a été pris 113 fois
  • Le résultat moyen est 4 sur 12
Statistiques - réponses
Numéro Joueur % Correct
21 Zidane
92%
10 Del Piero
75%
14 Deschamps
65%
9 Inzaghi
42%
Entraineur Lippi
32%
26 Davids
29%
1 (cap) Peruzzi
18%
22 Pessotto
12%
7 Di Livio
10%
4 Montero
9%
3 Torricelli
9%
13 Luliano
2%
Aucun quiz correspondant
Distribution des résultats
% des personnes avec chaque résultat
Percentile par nombre de réponses
Votre historique - résultats
Vous n’avez pas pris ce quiz